Mechatronics : developments in Japan and Europe
Gorde:
| Egile nagusia: | |
|---|---|
| Formatua: | Liburua |
| Hizkuntza: | Undetermined |
| Argitaratua: |
Westport, Conn.
Quorum Books
1983
|
| Gaiak: | |
| Etiketak: |
Etiketa erantsi
Etiketarik gabe, Izan zaitez lehena erregistro honi etiketa jartzen!
|
| Thư viện lưu trữ: | Trung tâm Học liệu Trường Đại học Cần Thơ |
|---|
| LEADER | 00588nam a2200217Ia 4500 | ||
|---|---|---|---|
| 001 | CTU_94213 | ||
| 008 | 210402s9999 xx 000 0 und d | ||
| 082 | |a 338.4 | ||
| 082 | |b M242 | ||
| 100 | |a McLean, Mick | ||
| 245 | 0 | |a Mechatronics : | |
| 245 | 0 | |b developments in Japan and Europe | |
| 245 | 0 | |c edited by Mick McLean. | |
| 260 | |a Westport, Conn. | ||
| 260 | |b Quorum Books | ||
| 260 | |c 1983 | ||
| 650 | |a Mechatronics,Mechatronics | ||
| 650 | |x Congresses,Congresses | ||
| 650 | |z Japan,Europe | ||
| 904 | |i Năm | ||
| 980 | |a Trung tâm Học liệu Trường Đại học Cần Thơ | ||